000 00481 a2200157 4500
999 _c4602
_d4602
020 _a9788184113747
050 _aLC1201SRI2011
100 _aSrivastava,Sachin
_eauthor
245 _aSpecial needs children and their education /
_cSachin Srivastava
264 _aNew Delhi :
_bSonali Publications,
_c2011
300 _a240p. :
500 _aincludes index
650 _a Special education.
650 _aChildren with disabilities -- Education.
942 _2lcc
_cBK
_h1201
_iSRI
_kLC